000 00581nam a22001817a 4500
003 OSt
005 20250730033808.0
008 250730b |||||||| |||| 00| 0 eng d
020 _a9781416611301
040 _aDWCL-Main lib
_cOC
082 _aCirc. 371.102 S356f 2011
100 _aSchmoker, Michael J.
245 _a Focus :
_belevating to the essentials to radically improve student learning/
_cMichael J. Schmoker
260 _aAlexandria, Virginia :
_bASCD,
_cc2011.
300 _a237 pages ;
_c23 cm.
650 _a1. Effective teaching
942 _2ddc
_cBK-CIRC
_kCirc.
_n0
999 _c3896
_d3896